<?xml version="1.0" encoding="UTF-8"?>
<collection xmlns="http://www.loc.gov/MARC21/slim">
<record>
  <controlfield tag="001">260965</controlfield>
  <controlfield tag="005">20250903173140.0</controlfield>
  <datafield tag="035" ind1=" " ind2=" ">
    <subfield code="a">G:(GEPRIS)423859453</subfield>
  </datafield>
  <datafield tag="024" ind1="7" ind2=" ">
    <subfield code="a">G:(GEPRIS)423859453</subfield>
    <subfield code="d">423859453</subfield>
  </datafield>
  <datafield tag="040" ind1=" " ind2=" ">
    <subfield code="a">GEPRIS</subfield>
    <subfield code="c">http://gepris.its.kfa-juelich.de</subfield>
  </datafield>
  <datafield tag="150" ind1=" " ind2=" ">
    <subfield code="a">Innovation durch Wissenszirkulation. Research Technologies als dynamische Wissensträger in Zirkulationsprozessen in und zwischen Innovationskulturen.</subfield>
    <subfield code="y">2019 - 2025</subfield>
  </datafield>
  <datafield tag="371" ind1=" " ind2=" ">
    <subfield code="a">Privatdozent Dr. Christian Forstner</subfield>
  </datafield>
  <datafield tag="450" ind1=" " ind2=" ">
    <subfield code="a">DFG project G:(GEPRIS)423859453</subfield>
    <subfield code="w">d</subfield>
    <subfield code="y">2019 - 2025</subfield>
  </datafield>
  <datafield tag="510" ind1="1" ind2=" ">
    <subfield code="a">Deutsche Forschungsgemeinschaft</subfield>
    <subfield code="0">I:(DE-588b)2007744-0</subfield>
    <subfield code="b">DFG</subfield>
  </datafield>
  <datafield tag="680" ind1=" " ind2=" ">
    <subfield code="a">Das Ziel des Heisenberg-Programms ist es, herausragenden Wissenschaftlerinnen und Wissenschaftlern, die alle Voraussetzungen für die Berufung auf eine Langzeit-Professur erfüllen, zu ermöglichen, sich auf eine wissenschaftliche Leitungsfunktion vorzubereiten und in dieser Zeit weiterführende Forschungsthemen zu bearbeiten. In der Verfolgung dieses Ziels müssen nicht immer projektförmige Vorgehensweisen gewählt und realisiert werden. Aus diesem Grunde wird bei der Antragstellung und auch später bei der Abfassung von Abschlussberichten - anders als bei anderen Förderinstrumenten - keine "Zusammenfassung" von Projektbeschreibungen und Projektergebnissen verlangt. Somit werden solche Informationen auch in GEPRIS nicht zur Verfügung gestellt.</subfield>
  </datafield>
  <datafield tag="909" ind1="C" ind2="O">
    <subfield code="o">oai:juser.fz-juelich.de:927568</subfield>
    <subfield code="p">authority:GRANT</subfield>
    <subfield code="p">authority</subfield>
  </datafield>
  <datafield tag="980" ind1=" " ind2=" ">
    <subfield code="a">G</subfield>
  </datafield>
  <datafield tag="980" ind1=" " ind2=" ">
    <subfield code="a">AUTHORITY</subfield>
  </datafield>
  <datafield tag="909" ind1="C" ind2="O">
    <subfield code="o">oai:juser.fz-juelich.de:927568</subfield>
  </datafield>
</record>
</collection>